| 000 | 00453nam a22001817a 4500 | ||
|---|---|---|---|
| 003 | CEME | ||
| 005 | 20210628204033.0 | ||
| 008 | 210113b xxu||||| |||| 00| 0 eng d | ||
| 020 | _a9693524977 | ||
| 040 | _cceme | ||
| 082 | _a297.4 AHM | ||
| 100 |
_aAhmad Rafiq Akhtar. Prof _968375 |
||
| 245 | _aBuniyadi inhiraf , basic drift | ||
| 260 |
_aLAHORE _bSANG-E-MEEL PUB _c2012 |
||
| 300 | _a272P | ||
| 650 |
_aISLAM-SUFISM. _968199 |
||
| 942 |
_cBK _2ddc |
||
| 999 |
_c575971 _d575971 |
||